[Event "Rebancha"]
[Site "http://www.queenalice.com/game.php?id=595674"]
[Date "2009.5.30"]
[Round "-"]
[White "Thai"]
[Black "heyepabe2"]
[Result "1/2-1/2"]
[WhiteElo "1485"]
[BlackElo "1383"]

1. d4 h6 2. e3 d5 3. f3 c6 4. e4 e6 5. b3 dxe4 6. fxe4 Qh4+ 7. Kd2 Qxe4 8. c3 e5
9. dxe5 Qd5+ 10. Bd3 Qxg2+ 11. Qe2 Qxh1 12. Qf2 b6 13. Bc4 Be6 14. Nf3 Bc5 15.
Nd4 b5 16. Bxe6 fxe6 17. Qe2 Na6 18. Nxe6 Qd5+ 19. Qd3 Qxe6 20. b4 Rd8 21. Kc2
Rxd3 22. Kxd3 Bd6 23. exd6 Qxd6+ 24. Kc2 Ne7 25. Nd2 Rf8 26. Ne4 Qxh2+ 27. Bd2
Rf4 28. Kd3 Rf3+ 29. Kc2 Nc7 30. Kb3 Qe2 31. Re1 Qc4+ 32. Ka3 Ncd5 33. Nd6+ Kd7
34. Nxc4 bxc4 35. Ka4 Rf2 36. Rd1 Kc8 37. b5 cxb5+ 38. Kxb5 Nb6 39. Be3 Rf5+ 40.
Ka6 Re5 41. Bxb6 axb6 42. Kxb6 Nd5+ 43. Ka6 Nxc3 44. Rd4 Re6+ 45. Ka5 Rc6 46.
Rg4 Nxa2 47. Rxg7 c3 48. Rg2 c2 49. Rg8+ Kb7 50. Rg7+ Rc7 51. Rg1 c1=Q 52. Rxc1
Rxc1 53. Ka4 h5 54. Ka5 h4 55. Ka4 h3 56. Ka3 h2 57. Kxa2 h1=Q 58. Kb3 Qc6 59.
Kb2 Qc2+ 60. Ka3 Rb1 1/2-1/2

[Event "Challenge"]
[Site "http://www.queenalice.com/game.php?id=597112"]
[Date "2009.6.2"]
[Round "-"]
[White "LeandroSouza"]
[Black "heyepabe2"]
[Result "1-0"]
[WhiteElo "1448"]
[BlackElo "1254"]

1. e4 g6 2. d4 Nf6 3. f3 e6 4. e5 Ne4 5. Bd3 Ng5 6. h4 Nxf3+ 7. Qxf3 c6 8. g3 c5
9. Be3 Nc6 10. c3 cxd4 11. Bxd4 Nxd4 12. cxd4 d6 13. Nc3 dxe5 14. dxe5 Bg7 15.
Bb5+ Bd7 16. O-O-O O-O 17. Bxd7 f6 18. Bxe6+ Kh8 19. Rxd8 Raxd8 20. exf6 Rxf6
21. Qe4 Rf1+ 22. Kc2 Re8 23. Nh3 Rf6 24. Ng5 h6 25. Nf7+ Rxf7 26. Qxg6 Rxe6 27.
Qxf7 Rf6 28. Qxb7 Rf2+ 29. Kb3 Kg8 30. Qxa7 Rf7 31. Qa8+ Bf8 32. Rd1 1-0

[Event "la pelea continua"]
[Site "http://www.queenalice.com/game.php?id=597745"]
[Date "2009.6.3"]
[Round "-"]
[White "heyepabe2"]
[Black "luchos74"]
[Result "0-1"]
[WhiteElo "1398"]
[BlackElo "1501"]

1. Na3 e5 2. Nf3 a6 3. Nxe5 Qf6 4. Nf3 Bc5 5. d4 Ba7 6. Bg5 Qb6 7. Qd2 h6 8. Be3
Qxb2 9. Rb1 Qxa3 10. Ra1 Nf6 11. Qd3 Qe7 12. Bc1 Nc6 13. Ba3 d6 14. Ne5 Nxe5 15.
dxe5 Qxe5 16. Rd1 O-O 17. f3 Bf5 18. Qd2 Rfe8 19. f4 Ng4 20. fxe5 Bf2# 0-1

[Event "Challenge"]
[Site "http://www.queenalice.com/game.php?id=598297"]
[Date "2009.6.4"]
[Round "-"]
[White "Denny"]
[Black "heyepabe2"]
[Result "0-1"]
[WhiteElo "1403"]
[BlackElo "1335"]

1. e4 Nf6 2. Nf3 Nxe4 3. d3 Nd6 4. Ng5 h6 5. Nh3 e6 6. Be2 b5 7. Bh5 Bb7 8. Rg1
g6 9. Bf3 Qf6 10. Bxb7 Nxb7 11. Qf3 Qe5+ 12. Be3 Nc6 13. Qg3 Bd6 14. Nc3 Nd4 15.
Rc1 c5 16. f4 Qf5 17. Ne4 g5 18. Qf3 Nxf3+ 19. gxf3 Qxh3 20. Nf2 Qxf3 21. Ne4
Qxe3+ 0-1

[Event "Challenge"]
[Site "http://www.queenalice.com/game.php?id=598299"]
[Date "2009.6.4"]
[Round "-"]
[White "heyepabe2"]
[Black "holeripla"]
[Result "1-0"]
[WhiteElo "1374"]
[BlackElo "1267"]

1. Nc3 e6 2. a3 Qf6 3. Ne4 Qg6 4. d3 Be7 5. g3 Nf6 6. Bg2 d5 7. Nd2 c6 8. Ngf3
Qh6 9. O-O e5 10. Nb3 Qh5 11. Nh4 Ng4 12. e3 Bxh4 13. Re1 Bxg3 14. fxg3 Qxh2+
15. Kf1 Nf6 16. Re2 Qxg3 17. Qe1 Qg5 18. e4 Qh5 19. exd5 Nxd5 20. Rxe5+ Be6 21.
Rxh5 O-O 22. Qg3 g6 23. Bh6 Re8 24. Re1 Nd7 25. c4 N7f6 26. Rh1 a5 27. cxd5 cxd5
28. Bg5 Ng4 29. Bh3 a4 30. Nc5 h6 31. Bf4 Nf6 32. Nxe6 fxe6 33. Qxg6+ Kf8 34.
Qxf6+ Kg8 35. Rg1+ Kh7 36. Qg7# 1-0

[Event "Challenge"]
[Site "http://www.queenalice.com/game.php?id=598854"]
[Date "2009.6.5"]
[Round "-"]
[White "heyepabe2"]
[Black "Denny"]
[Result "0-1"]
[WhiteElo "1285"]
[BlackElo "1402"]

1. Nf3 d5 2. Nc3 Nf6 3. d3 Nc6 4. Na4 b5 5. Nd4 Nxd4 6. h3 bxa4 7. c3 Nb5 8. c4
Nd4 9. e3 Nf5 10. e4 Nd4 11. Be3 Nc6 12. Qxa4 e6 13. Qxc6+ Bd7 14. Qa6 Qb8 15.
Rb1 Bb4+ 16. Bd2 Qb6 17. Qxb6 cxb6 18. Bxb4 a5 19. Ba3 dxc4 20. dxc4 h5 21. e5
Ne4 22. Bd3 Ng5 23. h4 Nh7 24. O-O Nf8 25. Be4 Rc8 26. Rbc1 f5 27. Bd3 Ng6 28.
c5 bxc5 29. Rxc5 Rxc5 30. Bxc5 Rh6 31. Bd4 Nxh4 32. g3 Nf3+ 33. Kh1 Nxd4 34. Rc1
Ke7 35. Rc7 Kd8 36. Rc4 Bc6+ 37. Kg1 Nf3+ 38. Kh1 Nxe5+ 39. Rxc6 Nxc6 40. b4
Nxb4 41. Bb1 g5 42. a3 Nc6 43. f4 g4 44. Bd3 Rh7 45. Bb5 Nd4 46. Bc4 Rc7 47. Ba6
Rc1+ 48. Kg2 Rc2+ 49. Kf1 Ra2 50. Bc4 Rxa3 51. Kf2 a4 52. Ke1 Rxg3 53. Bf1 a3
54. Bc4 Rg1+ 55. Kd2 g3 56. Kc3 Nf3 57. Bxe6 Rc1+ 58. Kb3 Ra1 59. Bxf5 Nd4+ 60.
Ka4 Nxf5 61. Kb3 g2 62. Kc3 g1=Q 63. Kc4 a2 64. Kd5 Rd1+ 65. Ke6 Qg6+ 66. Ke5
a1=Q+ 67. Ke4 h4 0-1

[Event "Los duros de MP"]
[Site "http://www.queenalice.com/game.php?id=598972"]
[Date "2009.6.5"]
[Round "3"]
[White "heyepabe2"]
[Black "holeripla"]
[Result "0-1"]
[WhiteElo "1396"]
[BlackElo "1267"]

1. Nc3 e6 2. a3 Nf6 3. d4 Bd6 4. g3 b6 5. Bg5 h6 6. Bg2 c6 7. Nb5 cxb5 8. Bxf6
Qxf6 9. Bxa8 O-O 10. Bf3 a5 11. Nh3 b4 12. c3 bxc3 13. bxc3 b5 14. a4 b4 15. O-O
bxc3 16. Nf4 Bxf4 17. gxf4 Qxf4 18. Rb1 Nc6 19. Qc1 Qxd4 20. Qa3 Ne5 21. Rfd1
Qf4 22. Qxc3 Ba6 23. e3 Qg5+ 24. Bg2 f6 25. f4 Nf3+ 26. Kf2 Rc8 27. Qa3 Rc2+ 28.
Kxf3 Qxg2# 0-1

[Event "Challenge"]
[Site "http://www.queenalice.com/game.php?id=600688"]
[Date "2009.6.9"]
[Round "-"]
[White "Thai"]
[Black "heyepabe2"]
[Result "1-0"]
[WhiteElo "1470"]
[BlackElo "1254"]

1. e4 a6 2. Qf3 c6 3. Bc4 e6 4. Nh3 b5 5. Bb3 Nh6 6. d3 Be7 7. O-O O-O 8. c4 g5
9. d4 g4 10. Qc3 gxh3 11. Bxh6 hxg2 12. d5 Bf6 13. Qg3+ Kh8 14. Re1 Rg8 15. Qf3
Rg6 16. Qh3 Bg7 17. Bxg7+ Rxg7 18. dxe6 dxe6 19. Rd1 Bd7 20. Nd2 e5 21. Qc3 Qg5
22. Nf3 b4 23. Nxg5 bxc3 24. Nf3 Bg4 25. Rd3 cxb2 26. Rb1 f6 27. c5 Nd7 28. Kxg2
Be6+ 29. Kf1 Nxc5 30. Re3 f5 31. Bxe6 Nxe6 32. exf5 Nf8 33. Rxb2 Nd7 34. Rb4 Rb8
35. Rh4 Rf8 36. Nxe5 Nb8 37. Reh3 Rxf5 38. f4 Nd7 39. Nxd7 Rxd7 40. Ra3 Rc5 41.
Rxa6 Rb7 42. Kg2 Rc3 43. Ra8+ Kg7 44. Rg4+ Kf6 45. Rf8+ Ke6 46. f5+ Kd5 47. f6
1-0

[Event "Mesa 2"]
[Site "http://www.queenalice.com/game.php?id=601300"]
[Date "2009.6.10"]
[Round "1"]
[White "heyepabe2"]
[Black "Denny"]
[Result "0-1"]
[WhiteElo "1343"]
[BlackElo "1388"]

1. Nh3 d5 2. e3 Nf6 3. c4 dxc4 4. Qa4+ Bd7 5. Qxc4 Nc6 6. Bd3 Be6 7. Qc3 Qd5 8.
f3 Rd8 9. Nf4 Qd7 10. O-O g6 11. h4 Nh5 12. Nh3 Ng3 13. Rf2 Bxh3 14. gxh3 e5 15.
a3 Ne7 16. Rg2 Qxh3 17. Bb5+ c6 18. Rh2 Qf5 19. Bf1 Qxf3 20. Bg2 Qd1+ 21. Bf1
Qxf1# 0-1

[Event "Challenge"]
[Site "http://www.queenalice.com/game.php?id=601977"]
[Date "2009.6.12"]
[Round "-"]
[White "heyepabe2"]
[Black "Denny"]
[Result "0-1"]
[WhiteElo "1299"]
[BlackElo "1390"]

1. b3 b5 2. Nf3 Nf6 3. c3 c5 4. e3 Bb7 5. Bxb5 a6 6. Bc4 d5 7. Bd3 e5 8. Nxe5
Qe7 9. Nf3 Nc6 10. Ba3 g6 11. c4 dxc4 12. bxc4 Rd8 13. Qc2 Ng4 14. O-O Na7 15.
h3 Nh6 0-1